000 00702nam a2200241 4500
001 10340
003 BD-RjUL
005 20211208234934.0
008 140123s1972 nyua 001 0 eng d
035 _a(BD-RjUL)10388
040 _aDLC
_cDLC
_dDLC
_d(BD-RjUL)
_beng
041 _aeng
082 0 0 _a547
_bPLS
100 1 _aPlummer, Benjamin F.,
_d1936-
_931947
245 1 0 _aSelected principles of organic chemistry /
_c[by] Benjamin F. Plummer.
260 _aNew York :
_bVan Nostrand Reinhold Co ,
_c[1972]
300 _axi, 308 p. :
_billus. ;
_c24 cm.
504 _aIncludes Index
650 0 _aChemistry, Organic.
_931948
942 _2ddc
_cBK
999 _c10340
_d10340